[Event "CZE-chT2F 1920"]
[Site "Czech Republic"]
[Date "2020.01.12"]
[Round "6.8"]
[White "Mika, Tomas"]
[Black "Holecek, Vladimir"]
[Result "0-1"]
[WhiteElo "1897"]
[BlackElo "1905"]
[PlyCount "53"]
[EventDate "2019.10.13"]
[EventType "team-tourn"]
[EventRounds "11"]
[EventCountry "CZE"]
[SourceTitle "EXT 2024"]
[Source "ChessBase"]
[SourceDate "2023.10.10"]
[SourceVersion "1"]
[SourceVersionDate "2023.10.10"]
[SourceQuality "1"]
[WhiteTeam "Litovel Tatran"]
[BlackTeam "Frydek Mistek  III"]
[WhiteTeamCountry "CZE"]
[BlackTeamCountry "CZE"]

1. e4 d5 2. e5 g6 3. d4 Bg7 4. Nf3 c5 5. c3 Nc6 6. Bb5 Qb6 7. Qb3 cxd4 8. Qxd5 dxc3 9. Nxc3 Be6 10. Qe4 a6 11. Be3 Qc7 12. Ba4 b5 13. Bb3 Bf5 14. Qd5 e6 15. Qc5 Rc8 16. Rd1 Nxe5 17. Qxc7 Rxc7 18. Ng5 Nd3+ 19. Ke2 Nxb2 20. Nce4 Bxe4 21. Nxe4 Nxd1 22. Nd6+ Ke7 23. Rxd1 Nf6 24. Bf4 Rd7 25. a4 Rhd8 26. Be3 Rh8 27. Bf4 0-1

[Event "CZE-chT2F 1718"]
[Site "Czech Republic"]
[Date "2018.02.11"]
[Round "8.4"]
[White "Kubos, Rostislav"]
[Black "Holecek, Vladimir"]
[Result "1-0"]
[WhiteElo "2192"]
[BlackElo "1876"]
[PlyCount "41"]
[EventDate "2017.10.15"]
[EventType "team-tourn"]
[EventRounds "11"]
[EventCountry "CZE"]
[SourceTitle "EXT 2022"]
[Source "ChessBase"]
[SourceDate "2021.10.06"]
[SourceVersion "1"]
[SourceVersionDate "2021.10.06"]
[SourceQuality "1"]
[WhiteTeam "Orlova Slavia"]
[BlackTeam "Frydek Mistek III"]
[WhiteTeamCountry "CZE"]
[BlackTeamCountry "CZE"]

1. c4 e6 2. Nf3 d5 3. d4 Nf6 4. g3 c5 5. cxd5 exd5 6. Bg2 Nc6 7. 0-0 cxd4 8. Nxd4 Qb6 9. Nxc6 bxc6 10. Nc3 Bf5 11. Bg5 Bb4 12. Bxf6 gxf6 13. Nxd5 cxd5 14. Qxd5 Rc8 15. Qxf5 Rc7 16. Rac1 Be7 17. b4 Kf8 18. Qf4 Rxc1 19. Qh6+ Ke8 20. Rxc1 Rf8 21. Bc6+ 1-0

[Event "CZE-chT2F 1718"]
[Site "Czech Republic"]
[Date "2017.12.17"]
[Round "5.7"]
[White "Holecek, Vladimir"]
[Black "Chlevistan, Jakub"]
[Result "0-1"]
[WhiteElo "1876"]
[BlackElo "2110"]
[PlyCount "75"]
[EventDate "2017.10.15"]
[EventType "team-tourn"]
[EventRounds "11"]
[EventCountry "CZE"]
[SourceTitle "EXT 2022"]
[Source "ChessBase"]
[SourceDate "2021.10.06"]
[SourceVersion "1"]
[SourceVersionDate "2021.10.06"]
[SourceQuality "1"]
[WhiteTeam "Frydek Mistek III"]
[BlackTeam "Poruba Slavoj II"]
[WhiteTeamCountry "CZE"]
[BlackTeamCountry "CZE"]

1. e4 c5 2. Nf3 e6 3. d4 cxd4 4. Nxd4 Nc6 5. Nb5 d6 6. Bf4 e5 7. Be3 Nf6 8. N5c3 Be6 9. Be2 d5 10. exd5 Nxd5 11. Nxd5 Qxd5 12. Qxd5 Bxd5 13. f3 Be6 14. c3 Be7 15. Nd2 0-0 16. Nb3 b6 17. 0-0 Rfd8 18. Rfd1 Rxd1+ 19. Rxd1 Kf8 20. Ba6 Rd8 21. Rxd8+ Bxd8 22. Bb5 Ne7 23. Nc1 Nf5 24. Bf2 Bg5 25. Nd3 Nd6 26. Bc6 f6 27. b3 Bf5 28. Nb4 Bd2 29. Nd5 Bb1 30. c4 Bxa2 31. c5 Nf5 32. cxb6 axb6 33. Bxb6 Bxb3 34. Kf2 Bc4 35. Bc5+ Kf7 36. Nb6 Be6 37. Ke2 Ba5 38. Kd3 0-1

[Event "Frydek Mistek op"]
[Site "Frydek Mistek"]
[Date "2015.04.05"]
[Round "7"]
[White "Kubik, Michael"]
[Black "Holecek, Vladimir"]
[Result "1-0"]
[WhiteElo "2206"]
[BlackElo "1955"]
[PlyCount "69"]
[EventDate "2015.04.02"]
[EventType "swiss"]
[EventRounds "9"]
[EventCountry "CZE"]
[SourceTitle "EXT 2016"]
[Source "ChessBase"]
[SourceDate "2015.10.08"]
[SourceVersion "1"]
[SourceVersionDate "2015.10.08"]
[SourceQuality "1"]

1. e4 e5 2. Nf3 Nc6 3. d4 exd4 4. Nxd4 Bc5 5. Nb3 Bb6 6. Nc3 Nf6 7. Qe2 d6 8. Be3 Qe7 9. 0-0-0 Bd7 10. g3 0-0-0 11. Bg2 Kb8 12. Bxb6 axb6 13. Rhe1 Rhe8 14. Kb1 Bg4 15. f3 Be6 16. Qf2 Qf8 17. Nd4 Nxd4 18. Qxd4 Nd7 19. f4 f6 20. Nd5 Nc5 21. Re3 Qf7 22. Rde1 Qd7 23. Bf1 Qa4 24. Qd2 Qc6 25. Bg2 Qd7 26. Ra3 Qf7 27. Rae3 Qd7 28. Qd4 Bh3 29. Bh1 Be6 30. Nc3 Qf7 31. a3 Bd7 32. Nd5 Bc6 33. Bg2 Kc8 34. Qc4 b5 35. Nb6+ 1-0

[Event "Ostrava Konik op"]
[Site "Ostrava"]
[Date "2014.05.03"]
[Round "8"]
[White "Holecek, Vladimir"]
[Black "Kula, Dominik"]
[Result "0-1"]
[WhiteElo "1981"]
[BlackElo "1968"]
[PlyCount "82"]
[EventDate "2014.04.26"]
[EventType "swiss"]
[EventRounds "9"]
[EventCountry "CZE"]
[SourceTitle "CBM 160 Extra"]
[Source "ChessBase"]
[SourceDate "2014.07.01"]
[SourceVersion "1"]
[SourceVersionDate "2014.07.01"]
[SourceQuality "1"]

1. e4 c5 2. Nf3 d6 3. Bb5+ Bd7 4. c4 Bxb5 5. cxb5 Nf6 6. Nc3 g6 7. d4 cxd4 8. Nxd4 Bg7 9. 0-0 Nbd7 10. Nb3 0-0 11. Qe2 Rc8 12. Be3 Ne5 13. Bd4 Nc4 14. f3 e5 15. Bf2 d5 16. Bc5 Re8 17. exd5 Nxd5 18. Qxc4 Nxc3 19. bxc3 b6 20. Rad1 Qc7 21. Rd5 bxc5 22. Rfd1 Red8 23. Qxc5 Rxd5 24. Qxd5 Qxc3 25. Qd2 Qc7 26. Qa5 Qb7 27. Rd8+ Rxd8 28. Qxd8+ Bf8 29. Qd3 Qe7 30. a4 Qb4 31. g3 Qxa4 32. Kg2 Qb4 33. h4 Qd6 34. Qc4 Kg7 35. Kf2 Qd7 36. Kg2 Be7 37. Qe2 Qc7 38. Qd3 f5 39. Kh3 Qd6 40. Qc4 f4 41. g4 e4 0-1

[Event "Ostrava Konik op"]
[Site "Ostrava"]
[Date "2014.04.30"]
[Round "5"]
[White "Cubok, Milan"]
[Black "Holecek, Vladimir"]
[Result "0-1"]
[WhiteElo "1824"]
[BlackElo "1981"]
[PlyCount "80"]
[EventDate "2014.04.26"]
[EventType "swiss"]
[EventRounds "9"]
[EventCountry "CZE"]
[SourceTitle "CBM 160 Extra"]
[Source "ChessBase"]
[SourceDate "2014.07.01"]
[SourceVersion "1"]
[SourceVersionDate "2014.07.01"]
[SourceQuality "1"]

1. e4 c5 2. Nf3 Nf6 3. Nc3 Nc6 4. d4 cxd4 5. Nxd4 d6 6. Be2 e5 7. Nb3 Be6 8. Be3 Be7 9. 0-0 a5 10. f4 exf4 11. Rxf4 0-0 12. Nd4 Nxd4 13. Bxd4 Nd7 14. Rf3 Ne5 15. Rf2 Bg5 16. b3 Nc6 17. Rf1 Nxd4 18. Qxd4 Bf6 19. Qe3 Rc8 20. Nb5 Bxa1 21. Rxa1 Rxc2 22. Bd3 Rc5 23. Rd1 Qb6 24. Nd4 Re5 25. Qf2 Bg4 26. Rd2 Bh5 27. h3 Bg6 28. Nf3 Qxf2+ 29. Kxf2 Re7 30. Bc4 Bxe4 31. Rxd6 Bc6 32. Nd4 Rd7 33. Nf5 Rxd6 34. Nxd6 Rd8 35. Nxf7 Rd2+ 36. Kf1 Kf8 37. Ng5 Rxg2 38. Ne6+ Ke7 39. a4 g5 40. Nd4 Rh2 0-1

[Event "CZE-chT1E 1213"]
[Site "Czech Republic"]
[Date "2013.01.13"]
[Round "5.8"]
[White "Mohapl, Petr"]
[Black "Holecek, Vladimir"]
[Result "1/2-1/2"]
[WhiteElo "2091"]
[BlackElo "1992"]
[PlyCount "117"]
[EventDate "2012.10.21"]
[EventType "team-tourn"]
[EventRounds "11"]
[EventCountry "CZE"]
[SourceTitle "EXT 2014"]
[Source "ChessBase"]
[SourceDate "2013.11.20"]
[SourceVersion "1"]
[SourceVersionDate "2013.11.20"]
[SourceQuality "1"]
[WhiteTeam "Litovel II"]
[BlackTeam "Beskydy Chess School II"]
[WhiteTeamCountry "CZE"]
[BlackTeamCountry "CZE"]

1. e4 e5 2. Nf3 Nc6 3. Bb5 Nf6 4. 0-0 Nxe4 5. Re1 Nd6 6. Nxe5 Be7 7. Ba4 0-0 8. d4 Nxe5 9. Rxe5 Bf6 10. Re1 Nf5 11. c3 d5 12. Bf4 c6 13. Nd2 Nh4 14. Bc2 Be6 15. Bg3 Re8 16. Qb1 g6 17. Nf1 Nf5 18. Bf4 Bd7 19. Ng3 Nxg3 20. hxg3 Rxe1+ 21. Qxe1 Qe7 22. Qxe7 Bxe7 23. Re1 Bf6 24. f3 Re8 25. Rxe8+ Bxe8 26. Bb8 a6 27. Bd6 Bd7 28. Kf2 Bd8 29. Bd3 b5 30. Ke2 f6 31. Kd2 Kf7 32. Kc2 Ke6 33. Bb8 Be8 34. Kb3 Ba5 35. g4 Kd7 36. Kc2 Bf7 37. Kd2 Bb6 38. Ke3 c5 39. b4 cxd4+ 40. cxd4 Be8 41. Bf4 Bf7 42. Bh6 Ke7 43. g5 fxg5 44. Bxg5+ Ke6 45. Bf4 h5 46. Be5 Bd8 47. g3 Be7 48. a3 Bg5+ 49. f4 Be7 50. Bf1 Kd7 51. Kd2 Be6 52. Bg2 Kc6 53. Bg7 h4 54. gxh4 Bxh4 55. Bh6 Bf5 56. Bg5 Bg3 57. Bf3 Bf2 58. Bf6 Bg3 59. Bg5 1/2-1/2

[Event "Rychnov Seniors op"]
[Site "Rychnov nad Kneznou"]
[Date "2012.08.25"]
[Round "6"]
[White "Holecek, Vladimir"]
[Black "Portych, Vaclav"]
[Result "1/2-1/2"]
[WhiteElo "2005"]
[BlackElo "1859"]
[PlyCount "38"]
[EventDate "2012.08.20"]
[EventType "swiss"]
[EventRounds "9"]
[EventCountry "CZE"]
[SourceTitle "CBM 150 Extra"]
[Source "ChessBase"]
[SourceDate "2012.10.19"]
[SourceVersion "1"]
[SourceVersionDate "2012.10.19"]
[SourceQuality "1"]

1. e4 c5 2. Nf3 Nc6 3. d4 cxd4 4. Nxd4 Nf6 5. Nc3 e5 6. Ndb5 d6 7. Bg5 a6 8. Na3 b5 9. Nd5 Be7 10. Bxf6 Bxf6 11. c3 Bg5 12. Nc2 0-0 13. Bd3 Rb8 14. 0-0 Be6 15. Nce3 a5 16. Qe2 b4 17. a4 Bxe3 18. fxe3 bxc3 19. Nxc3 Nb4 1/2-1/2

[Event "Rychnov Seniors op"]
[Site "Rychnov nad Kneznou"]
[Date "2012.08.23"]
[Round "4"]
[White "Holecek, Vladimir"]
[Black "Sedlacek, Jan"]
[Result "1/2-1/2"]
[WhiteElo "2005"]
[BlackElo "1911"]
[PlyCount "85"]
[EventDate "2012.08.20"]
[EventType "swiss"]
[EventRounds "9"]
[EventCountry "CZE"]
[SourceTitle "CBM 150 Extra"]
[Source "ChessBase"]
[SourceDate "2012.10.19"]
[SourceVersion "1"]
[SourceVersionDate "2012.10.19"]
[SourceQuality "1"]

1. e4 c5 2. Nf3 d6 3. d4 cxd4 4. Nxd4 Nf6 5. Nc3 a6 6. Bg5 e6 7. f4 Qb6 8. Qd2 Qxb2 9. Rb1 Qa3 10. Bxf6 gxf6 11. f5 Nc6 12. Nxc6 bxc6 13. Bd3 Bh6 14. Qxh6 Qxc3+ 15. Ke2 c5 16. Rb3 Qe5 17. Kf3 exf5 18. Qg7 Rf8 19. exf5 Bxf5 20. Bb5+ axb5 21. Re3 Ra7 22. Rxe5+ fxe5 23. Rd1 Ra6 24. Rxd6 e4+ 25. Kf4 Rxd6 26. Qe5+ Re6 27. Qb8+ Ke7 28. Qc7+ Kf6 29. Qxc5 Kg7 30. Qc3+ Rf6 31. Kg5 h6+ 32. Kh4 Rc8 33. Qe5 Rxc2 34. g4 Bg6 35. Kg3 b4 36. h4 b3 37. g5 b2 38. gxf6+ Kh7 39. Qb8 Rc3+ 40. Kh2 Rc2+ 41. Kg3 Rc3+ 42. Kh2 Rc2+ 43. Kg3 1/2-1/2

[Event "Rychnov Seniors op"]
[Site "Rychnov nad Kneznou"]
[Date "2012.08.22"]
[Round "3"]
[White "Perik, Alois"]
[Black "Holecek, Vladimir"]
[Result "1/2-1/2"]
[WhiteElo "1870"]
[BlackElo "2005"]
[PlyCount "59"]
[EventDate "2012.08.20"]
[EventType "swiss"]
[EventRounds "9"]
[EventCountry "CZE"]
[SourceTitle "CBM 150 Extra"]
[Source "ChessBase"]
[SourceDate "2012.10.19"]
[SourceVersion "1"]
[SourceVersionDate "2012.10.19"]
[SourceQuality "1"]

1. c4 e6 2. Nc3 d5 3. d4 dxc4 4. e3 a6 5. a4 Nf6 6. Bxc4 Bb4 7. Nf3 b6 8. 0-0 Bb7 9. Qe2 0-0 10. Bd2 Qe7 11. Rfd1 Rd8 12. Na2 a5 13. Nxb4 axb4 14. Ne5 Nbd7 15. Qe1 c5 16. Nxd7 Rxd7 17. dxc5 bxc5 18. Qe2 Bd5 19. Bb5 Rda7 20. Rdc1 Ne4 21. Be1 Rc7 22. f3 Nd6 23. e4 Nxb5 24. Qxb5 Bb7 25. b3 e5 26. Bf2 Ba6 27. Qa5 Bb7 28. Qb5 Ba6 29. Qa5 Bb7 30. Qb5 1/2-1/2

[Event "Ostrava op"]
[Site "Ostrava"]
[Date "2010.05.09"]
[Round "9"]
[White "Holecek, Vladimir"]
[Black "Melzer, Patrik"]
[Result "1/2-1/2"]
[WhiteElo "2055"]
[BlackElo "1790"]
[PlyCount "100"]
[EventDate "2010.05.01"]
[EventType "swiss"]
[EventRounds "9"]
[EventCountry "CZE"]
[SourceTitle "EXT 2011"]
[Source "ChessBase"]
[SourceDate "2010.11.26"]
[SourceVersion "1"]
[SourceVersionDate "2010.11.26"]
[SourceQuality "1"]

1. e4 c6 2. d4 d5 3. exd5 cxd5 4. c4 Nf6 5. Nf3 Nc6 6. Nc3 e6 7. Bg5 Be7 8. c5 h6 9. Bf4 Nh5 10. Be3 0-0 11. Nd2 Nf6 12. Nf3 b6 13. Bb5 Bb7 14. Qa4 Qc8 15. b4 a6 16. Bxc6 Bxc6 17. Qc2 Qb7 18. Ne5 Rfc8 19. Nxc6 Rxc6 20. 0-0 Qc7 21. f3 Rd8 22. a4 bxc5 23. b5 axb5 24. axb5 Rb6 25. Qf2 c4 26. Ra4 Bd6 27. g3 Qe7 28. Rb1 Rdb8 29. Kg2 Ne8 30. Qb2 Nc7 31. Ra5 Qe8 32. Bf2 g5 33. Be3 f5 34. Bf2 f4 35. Qc2 Qh5 36. Ra7 g4 37. fxg4 Qxg4 38. h3 Qf5 39. Qxf5 exf5 40. gxf4 Nxb5 41. Nxd5 Nxa7 42. Rxb6 Rxb6 43. Nxb6 c3 44. Be3 c2 45. Nc4 Nb5 46. Kf2 Bb4 47. Ke2 Nxd4+ 48. Kd3 Ne6 49. Kxc2 Kg7 50. Kd3 Kg6 1/2-1/2

[Event "Ostrava op"]
[Site "Ostrava"]
[Date "2010.05.04"]
[Round "4"]
[White "Balkova, Anna"]
[Black "Holecek, Vladimir"]
[Result "1/2-1/2"]
[WhiteElo "1885"]
[BlackElo "2055"]
[PlyCount "85"]
[EventDate "2010.05.01"]
[EventType "swiss"]
[EventRounds "9"]
[EventCountry "CZE"]
[SourceTitle "EXT 2011"]
[Source "ChessBase"]
[SourceDate "2010.11.26"]
[SourceVersion "1"]
[SourceVersionDate "2010.11.26"]
[SourceQuality "1"]

1. e4 e5 2. Nf3 Nc6 3. Bb5 Nf6 4. 0-0 Nxe4 5. d4 Nd6 6. Bxc6 dxc6 7. dxe5 Nf5 8. Qxd8+ Kxd8 9. Bg5+ Ne7 10. Nc3 h6 11. Bxe7+ Bxe7 12. Rad1+ Ke8 13. h3 Be6 14. Nd4 Bc4 15. Rfe1 Bb4 16. e6 Bxc3 17. bxc3 Bxa2 18. e7 g6 19. Nb3 Bxb3 20. cxb3 Rh7 21. Rd3 f6 22. Rde3 c5 23. Re6 Rf7 24. R1e4 a5 25. Rf4 b5 26. Rc6 g5 27. Rf5 Kd7 28. Rfxc5 Ra7 29. Rxc7+ Rxc7 30. Rxc7+ Ke8 31. Rb7 Rxe7 32. Rxb5 Rc7 33. Rxa5 Rxc3 34. Ra8+ Kf7 35. Rb8 Rc1+ 36. Kh2 h5 37. b4 h4 38. b5 Rf1 39. b6 Kg7 40. Rc8 Rb1 41. Rc7+ Kg6 42. b7 Rb2 43. f3 1/2-1/2

[Event "Moravia-Silesia Region-chT 0708"]
[Site "Czech Republic"]
[Date "2008.04.13"]
[Round "11.5"]
[White "Buran, Robert"]
[Black "Holecek, Vladimir"]
[Result "1-0"]
[WhiteElo "2057"]
[BlackElo "2016"]
[PlyCount "59"]
[EventDate "2007.10.28"]
[EventType "team-tourn"]
[EventRounds "11"]
[EventCountry "CZE"]
[SourceTitle "EXT 2024"]
[Source "ChessBase"]
[SourceDate "2023.10.10"]
[SourceVersion "1"]
[SourceVersionDate "2023.10.10"]
[SourceQuality "1"]

1. e4 e5 2. Nc3 Nf6 3. f4 d5 4. fxe5 Nxe4 5. Nf3 Be7 6. d4 0-0 7. Bd3 f5 8. exf6 Nxf6 9. 0-0 Nc6 10. a3 Bg4 11. Be3 Bd6 12. Qd2 Qd7 13. Bb5 Rae8 14. Rae1 a6 15. Ba4 Bxf3 16. Rxf3 Ng4 17. Rxf8+ Rxf8 18. h3 Nxe3 19. Qxe3 Bf4 20. Qd3 b5 21. Bb3 Ne7 22. Qe2 Bg5 23. Ne4 Bh4 24. g3 Kh8 25. Nc5 Qxh3 26. Qg2 Qxg2+ 27. Kxg2 Bf6 28. Nd7 Rf7 29. Bxd5 Kg8 30. Nxf6+ 1-0

[Event "Moravia-Silesia Region-chT 0708"]
[Site "Czech Republic"]
[Date "2007.12.09"]
[Round "4.5"]
[White "Holecek, Vladimir"]
[Black "Rodshtein, Tereza"]
[Result "1/2-1/2"]
[WhiteElo "2016"]
[BlackElo "1988"]
[PlyCount "73"]
[EventDate "2007.10.28"]
[EventType "team-tourn"]
[EventRounds "11"]
[EventCountry "CZE"]
[SourceTitle "EXT 2024"]
[Source "ChessBase"]
[SourceDate "2023.10.10"]
[SourceVersion "1"]
[SourceVersionDate "2023.10.10"]
[SourceQuality "1"]

1. e4 e5 2. Nf3 Nc6 3. d4 exd4 4. Bc4 Nf6 5. e5 d5 6. Bb5 Ne4 7. Nxd4 Bd7 8. Bxc6 bxc6 9. 0-0 Bc5 10. Be3 Qe7 11. f3 Nd6 12. Re1 Nc4 13. Bf2 Nxb2 14. Qe2 Nc4 15. Nb3 Bb6 16. a4 a5 17. N1d2 Nxd2 18. Qxd2 0-0 19. Qc3 Qb4 20. Qxb4 axb4 21. a5 Bxf2+ 22. Kxf2 Bc8 23. Ra4 Bf5 24. Rxb4 Bxc2 25. Rc1 Bxb3 26. Rxb3 f6 27. Rxc6 fxe5 28. Rxc7 Rf7 29. Rc5 Rd7 30. Rbb5 Rad8 31. a6 Kf7 32. a7 Rxa7 33. Rxd5 Ra2+ 34. Kg3 Rxd5 35. Rxd5 Ke6 36. Rd1 Ra3 37. Re1 1/2-1/2

[Event "Moravia-Silesia Region-chT 0708"]
[Site "Czech Republic"]
[Date "2007.11.25"]
[Round "3.4"]
[White "Holecek, Vladimir"]
[Black "Schuster, Vit"]
[Result "1/2-1/2"]
[WhiteElo "2016"]
[BlackElo "2068"]
[PlyCount "43"]
[EventDate "2007.10.28"]
[EventType "team-tourn"]
[EventRounds "11"]
[EventCountry "CZE"]
[SourceTitle "EXT 2024"]
[Source "ChessBase"]
[SourceDate "2023.10.10"]
[SourceVersion "1"]
[SourceVersionDate "2023.10.10"]
[SourceQuality "1"]

1. e4 e5 2. Nf3 Nc6 3. d4 exd4 4. Bc4 Be7 5. c3 d6 6. cxd4 Nf6 7. Nc3 0-0 8. Bb3 Bg4 9. Be3 h6 10. 0-0 Re8 11. Qe2 Bf8 12. Bc2 Bh5 13. Rad1 a6 14. Bc1 Bg6 15. d5 Ne5 16. Nxe5 dxe5 17. Rd3 Bh5 18. f3 Bc5+ 19. Be3 Qe7 20. Bxc5 Qxc5+ 21. Qe3 Nd7 22. Qxc5 1/2-1/2

[Event "Piestany Pressburg op"]
[Site "Piestany"]
[Date "2007.11.18"]
[Round "7"]
[White "Holecek, Vladimir"]
[Black "Svonavec, Stefan"]
[Result "0-1"]
[WhiteElo "1976"]
[BlackElo "2057"]
[PlyCount "86"]
[EventDate "2007.11.14"]
[EventType "swiss"]
[EventRounds "7"]
[EventCountry "SVK"]
[SourceTitle "CBM 121 Extra"]
[Source "ChessBase"]
[SourceDate "2008.01.10"]
[SourceVersion "1"]
[SourceVersionDate "2008.01.10"]
[SourceQuality "1"]

1. e4 c5 2. Nf3 d6 3. d4 Nf6 4. Nc3 cxd4 5. Nxd4 a6 6. Be2 e6 7. Be3 Be7 8. 0-0 Qc7 9. Qd2 0-0 10. f4 b5 11. a3 Bb7 12. Bf3 Nc6 13. Nxc6 Bxc6 14. g4 Qb7 15. Qg2 Rac8 16. g5 Nd7 17. Nd5 Bd8 18. Kh1 Qa8 19. Nc3 Bb7 20. Rad1 Bc7 21. Ne2 Bb8 22. Ng3 Rc4 23. Rd4 Rfc8 24. Rxc4 Rxc4 25. Rd1 f5 26. gxf6 Nxf6 27. Rd4 Rc8 28. Rd2 a5 29. Bd4 Rf8 30. Bc3 Bc6 31. Rd3 Bc7 32. Qh3 Qe8 33. Bg2 Kh8 34. f5 exf5 35. exf5 d5 36. Rd1 Qe3 37. Re1 Qg5 38. Bf3 Rd8 39. Bg2 Ng4 40. Rf1 Bb6 41. Nh5 Nf2+ 42. Rxf2 Bxf2 43. Bxg7+ Kg8 0-1